banner-ar

تاريخ ولاية الصعيد فى العصرين المملوكى والعثمانى : (Record no. 58104)

MARC details
000 -الفاتح
حقل البيانات ثابتة الطول 01021nam a2200205Ia 4500
008 - عناصر البيانات ثابتة الطول - معلومات عامة
حقل البيانات ثابتة الطول 140319s9999 xx 000 0 ara d
020 ## - الرقم الدولى المعيارى للكتب
الرقم الدولى المعيارى للكتاب 2194200977
040 ## - مصدر الفهرسة
وكالة الفهرسة الأصلية GCL /
وكالة النسخ GCL
082 04 - رقم تصنيف ديوى العشرى
رقم التصنيف ق
رقم المادة 953.08
-- م ت
100 1# - المدخل الرئيسى - إسم شخصى
الإسم الشخصى محمد بن محمد بن حامد المراغى الجرجاوى
245 10 - بيان العنوان
العنوان تاريخ ولاية الصعيد فى العصرين المملوكى والعثمانى :
بقية العنوان "المسمى بـ "" نور العيون فى ذكر جرجا من عهد ثلاثة قرون """ /
بيان المسئوليه,etc محمد بن محمد بن حامد المراغى الجرجاوى
300 ## - الوصف المادى
التعداد 256ص ؛
أبعاد الوعاء 25 سم
650 04 - المدخل الاضافى بالموضوع-مصطلح موضوعى
مصطلح موضوعي مصر - تاريخ - عصر المماليك ( 1250-1517 م )
650 04 - المدخل الاضافى بالموضوع-مصطلح موضوعى
مصطلح موضوعي مصر - تاريخ - العصر العثمانى ( 1517-1914 م )
650 04 - المدخل الاضافى بالموضوع-مصطلح موضوعى
مصطلح موضوعي الصعيد - تاريخ - العصر المملوكى
650 04 - المدخل الاضافى بالموضوع-مصطلح موضوعى
مصطلح موضوعي الصعيد - تاريخ - العصر العثمانى
942 ## - عناصر المدخل الإضافي( كوها)
مصدر التصنيف او مخطط الترفيف Dewey Decimal Classification
Koha [default] item type كتاب
260 ## - PUBLICATION, DISTRIBUTION, ETC. (IMPRINT)
-- القاهرة :
-- مكتبة النهضة المصرية
Holdings
حالة التراجع حالة الفقد حالة تلف ليس للاعارة المكان المؤقت الموقع الحالى تاريخ الاكتساب اجمالي اﻻعارات رقم الطلب الباركود تاريخ اخر مشاهدة تاريخ تفعيل السعر نوع وعاء كوها
        مكتبة القاهرة الكبرى مكتبة القاهرة الكبرى 03/26/2014   ق\ 953.08 \ م ت 150190 03/26/2014 03/26/2014 كتاب
        مكتبة القاهرة الكبرى مكتبة القاهرة الكبرى 03/26/2014   ق\ 953.08 \ م ت 150191 03/26/2014 03/26/2014 كتاب

Powered By

EGPV